| 000 | 00397nam a22001337a 4500 | ||
|---|---|---|---|
| 082 |
_a297 _bSaleem _cMasjid |
||
| 100 |
_aSheikh Ul Haddis Molana Saleem Ullah Khan _951173 |
||
| 245 | _aمجالس علم وزکر | ||
| 260 |
_aKarachi _bMuktaba Farooqia _c2006 |
||
| 300 | _a300 | ||
| 526 |
_a0 _b0 _c0 _d297_000000000000000_SALEEM |
||
| 526 |
_a0 _b0 _c0 _d297_000000000000000_SALEEM |
||
| 942 |
_2ddc _cBK |
||
| 999 |
_c553934 _d553934 |
||